000067975 001__ 67975 000067975 005__ 20180223095115.0 000067975 037__ $$aGDOC-2016-27328 000067975 041__ $$aspa 000067975 100__ $$0(orcid)0000-0002-7105-4618$$1141745$$aPortillo Tarragona, María Pilar 000067975 24500 $$927328$$aGestión de riesgos financieros 000067975 24200 $$927328$$aFinancial risk management 000067975 260__ $$aZaragoza$$bUniversidad de Zaragoza$$c2016-2017 000067975 520__ $$aGestión de Riesgos Financieros es una asignatura obligatoria que se imparte en el segundo semestre del 3º curso del grado de Administración y Dirección de Empresas. Su objetivo básico es facilitar a los estudiantes el marco teórico-práctico necesario para una adecuada comprensión de los principales riesgos financieros a los que se ve expuesta la empresa en su actividad habitual, así como su adecuada gestión, capacitando al alumno para asumir responsabilidades directivas y de gestión en entornos competitivos, globales y dinámicos. $$bFinancial Risk Management is a compulsory subject taught in the second semester of the third year of the degree in Business Administration and Management. Its basic purpose is to provide students the necessary theoretical and practical framework for a proper understanding of the main financial risks to which the company is exposed in its usual activity and their proper management, enabling students to assume leadership and management responsibilities in competitive, global and dynamic environments. 000067975 521__ $$9131$$aAdministración y Dirección de Empresas 000067975 540__ $$aby-nc-sa$$bCreative Commons$$c3.0$$uhttp://creativecommons.org/licenses/by-nc-sa/3.0/ 000067975 700__ $$0(orcid)0000-0002-5557-0380$$1328367$$aCuéllar Fernández, Beatriz 000067975 700__ $$0(orcid)0000-0002-8638-2665$$1458106$$aVargas Magallón, Maria Sagrario 000067975 700__ $$0(orcid)0000-0001-7355-773X$$1470497$$aLeón Soriano, Raúl 000067975 700__ $$0(orcid)0000-0001-5582-3694$$1489582$$aOrtas Fredes, Eduardo Hilario 000067975 700__ $$0(orcid)0000-0002-2525-9049$$1536303$$aAlda García, Mercedes 000067975 830__ $$9458 000067975 830__ $$9448 000067975 830__ $$9454 000067975 8564_ $$s15205$$uhttps://zaguan.unizar.es/record/67975/files/guia-27328-en.pdf$$yGuide (english) 000067975 8564_ $$s16237$$uhttps://zaguan.unizar.es/record/67975/files/guia-27328-es.pdf$$yGuía (idioma español) 000067975 970__ $$aGDOC-2016-27328 000067975 980__ $$aGDOC$$bCiencias sociales y jurídicas$$c109 000067975 980__ $$aGDOC$$bCiencias sociales y jurídicas$$c301 000067975 980__ $$aGDOC$$bCiencias sociales y jurídicas$$c228